000 00962nam a2200265Ia 4500
003 OSt
005 20221005104156.0
006 a|||||r|||| 00| 0
007 ta
008 221004b |||||||| |||| 00| 0 hin d
020 _a8121402743 (pbk)
_cIndian Rupees 175.00
024 _a27881
037 _bGift, 04/10/2016,
_cTextual
040 _aCRL
_cCRL
_bhin
041 _2hin
_ahin
082 _aO152,1N08,25:g, M9
100 _aकुमार, वचनदेव
245 0 _aउर्वशी
_b विचार और विश्लेषण
246 _aUrvashī: vichār aur vishleṣhaṇa
260 _aदिल्ली
_bनेशनल पब्लिशिंग हाउस भारत
_c1989
300 _a214पृ0
_ccm.
650 _aहिन्दी साहित्य
942 _hO152,1N08,25:g, M9
_cTEXL
_2cc
999 _c1011950
_d1011950